00692nam a2200181 a 450000500170000000800410001702000180005805000240007610000230010024500650012326000400018830000170022844000430024552001480028865000420043665000190047865000130049720140412111226.0001118s19uu xx 00 eng d a0-89565-321-4 aTR(GS 513bM74 1985 aMoncure, Jane Belk aMy ten book /cJane Belk Moncure;illustrated by Linda Hohag. aElgin, Ill :bChild's World,c1985. a32 p. ; ill. aMy number book--My first steps to math aLittle ten plays with her robot dolls and manipulates other toys and items for the readers to see what numbers can be put together to make ten. aTen (The Number)xJuvenile literature aNumber concept aCounting